Des poètes de langue française de A à Z - Statistiques

Statistiques générales
  • Ce quiz a été pris 146 fois
  • Le résultat moyen est 5 sur 26
Statistiques - réponses
Lettre Indice 1 Indice 2 Indice 3 Prénom et Nom % Correct
A Rome 1180-1918 Alcools Mort pour la France Guillaume Apollinaire
87%
R Charleville 1854-1891 Le bateau ivre Verlaine Arthur Rimbaud
73%
E Ile-de-France 1895-1952 Liberté Surréaliste Paul Eluard
53%
Q Le Havre 1903-1976 Zazie dans le métro Oulipo Raymond Queneau
43%
M Paris 1842-1898 L'Après-midi d'un faune Symboliste Stéphane Mallarmé
35%
D Paris 1900-1945 Le vin est tiré Mort en déportation Robert Desnos
27%
N Paris 1808-1855 Voyage en Orient Romantique Gérard de Nerval
23%
G Tarbes 1811-1872 Emaux et Camées Parnasse Théophile Gautier
19%
H Cuba 1842-1905 Les Trophées Académicien José Maria de Heredia
18%
U Marseille 1567-1625 L'Astrée Précieux Honoré d'Urfé
13%
S Uruguay 1884-1960 L'Enfant de la haute mer Prix Heredia Jules Supervielle
11%
P Orléans 1873-1914 Notre jeunesse Mort pour la France Charles Péguy
10%
V Belge 1855-1916 Les villes tentaculaires Symboliste Emile Verhaeren
9%
O Paris 1394-1465 En la forêt de longue attente Duc Charles d'Orléans
8%
J Quimper 1876-1944 Le cornet à dès Mort en détention Max Jacob
5%
B Paris 1821-1867 Les paradis artificiels Parnasse Théodore de Banville
5%
F Reims 1872-1960 Ballades françaises Prince des poètes Paul Fort
4%
L Paris 1860-1887 Des Fleurs de bonne volonté Vers libre Jules Laforgue
3%
C Belge 1899-1978 Heure de grâce Prince des poètes Maurice Carême
3%
X Paris 1728-1817 Lettres portugaises en vers Perfide Albion Augustin-Louis de Ximénès
1%
I Belge 1936-2008 Le bleu et la poussière Prix Mallarmé Jacques Izoard
1%
Y Canadienne 1950-1994 La Chienne de l’hôtel Tropicana Féministe Josée Yvon
1%
T Cambrai 1902-1933 Le Grand Troche : sorites Pataphysique Julien Torma
0%
W Nantes 1796-1871 Poésies du coeur Salon Mélanie Waldor
0%
Z Ile-de-France 1866-1955 L'Arche de Noé Basque Miguel Zamacoïs
0%
K Lyon 1934-1975 Le Ban Prix de poésie Roger Kowalski
0%
Aucun quiz correspondant
Distribution des résultats
% des personnes avec chaque résultat
Percentile par nombre de réponses
Votre historique - résultats
Vous n’avez pas pris ce quiz